La logística empresarial: (Registro nro. 9130)

Detalles MARC
000 -LEADER
fixed length control field 00727nam a2200193Ia 4500
005 - FECHA Y HORA DE LA ÚLTIMA TRANSACCIÓN
control field 20230905144138.0
008 - FIXED-LENGTH DATA ELEMENTS--GENERAL INFORMATION
fixed length control field 230903s9999 xx 000 0 und d
020 ## - INTERNATIONAL STANDARD BOOK NUMBER
International Standard Book Number 84-8088-981-0
040 ## - CATALOGING SOURCE
Original cataloging agency UPAN
Transcribing agency Biblioteca San Vicente
Description conventions RCAA2
041 ## - LANGUAGE CODE
Language code of text/sound track or separate title spa
082 ## - DEWEY DECIMAL CLASSIFICATION NUMBER
Classification number 658.7
Item number S487l
año de publicación 2005
100 ## - MAIN ENTRY--PERSONAL NAME
Personal name Serra de la Figuera, Daniel
Relator code aut.
245 #0 - TITLE STATEMENT
Title La logística empresarial:
Remainder of title en el nuevo milenio/
Statement of responsibility, etc Daniel Serra de la Figueroa
260 ## - PUBLICATION, DISTRIBUTION, ETC. (IMPRINT)
Place of publication, distribution, etc España:
Name of publisher, distributor, etc Gestión 2000,
Date of publication, distribution, etc 2005
300 ## - PHYSICAL DESCRIPTION
Extent 255 p.;
Dimensions 23 cm.
505 ## - FORMATTED CONTENTS NOTE
Formatted contents note 1. Logística empresarial<br/>2. Políticas publicas en el sector logístico<br/>3. Nuevos retos en la gestión de la logística empresarial<br/>4. Conclusiones
650 ## - SUBJECT ADDED ENTRY--TOPICAL TERM
Source of heading or term LEMB
General subdivision Innovación
942 ## - ADDED ENTRY ELEMENTS (KOHA)
Koha item type Libros
Source of classification or shelving scheme Dewey Decimal Classification
Existencias
Withdrawn status Lost status Source of classification or shelving scheme Damaged status Not for loan Collection code Home library Current library Date acquired Total Checkouts Full call number Barcode Date last seen Copy number Price effective from Koha item type
    Dewey Decimal Classification     Colección General Biblioteca UPAN San Vicente Biblioteca UPAN San Vicente 03/09/2023   658.7 S487l 12003211 03/09/2023 01 03/09/2023 Libros
    Dewey Decimal Classification     Colección General Biblioteca UPAN San Vicente Biblioteca UPAN San Vicente 05/09/2023   658.7 S487l 12003210 05/09/2023 02 05/09/2023 Libros
    Dewey Decimal Classification     Colección General Biblioteca UPAN San Vicente Biblioteca UPAN San Vicente 05/09/2023   658.7 S487l 12003209 05/09/2023   05/09/2023 Libros